| 000 | 00666nam a2200205 4500 | ||
|---|---|---|---|
| 999 |
_c2691 _d2691 |
||
| 001 | 2691 | ||
| 003 | BD-JhCC | ||
| 005 | 20171106091759.0 | ||
| 008 | 171106s1976 bg ||||| |||| 00| 0 ben d | ||
| 035 | _a(BD-JhCC) | ||
| 040 |
_aBD-JhCC _dBD-JhCC |
||
| 041 | _aben | ||
| 082 |
_a337 _bREZ 1976 |
||
| 100 | _aরেজা, সাদরেল আ. ল. | ||
| 245 |
_aআন্তর্জাতিক অর্থনীতি / _cসাদরেল আ. ল. রেজা |
||
| 260 |
_aঢাকা : _bবাংলা একাডেমী ; _c১৯৭৬ |
||
| 300 |
_a২৯৮ পৃ.; _c২২ সেমি |
||
| 650 | _aInternational Economics | ||
| 942 |
_2ddc _cBK |
||